000 00891nas a2200289 4500
001 BR9202477
003 BR-BrBNA
005 20231205092512.0
007 ta
008 230509b bl.|||p| |||| 00| 00por d
040 _aBR-BrBNA
_bpor
_cBiblioteca Nacional de Agricultura
041 _a(Pt)
072 _aQ54
100 1 _aNazario, W.
100 1 _aFancelli, M.I.
100 1 _aMagalhaes, P.B.C. de
100 1 _aBarros, G.V.
245 1 _aAvaliacao de minerais em bovinos de racas leiteiras, mediante analise da dieta: categoria vacas em lactacao
650 _aVACA LEITEIRA
650 _aMETABOLISMO MINERAL
650 _aLACTACAO
650 _aRACAO
650 _aDIETA
773 0 _tRevista Brasileira de Medicina Veterinaria (Brazil)
_xISSN 0100-2430
_g(Sep-Oct 1988), v. 10(5) p. 93-96
_wBR9202477
909 _a202311
_bLúcia
_c55
_dLúcia Elande
942 _2AGRIS
_n0
_cANA
999 _c132180
_d132180